000 00298nam a22001337a 4500
008 180111b xxu||||| |||| 00| 0 eng d
020 _a9780471321859
041 _aeng
080 _24th
_a541
100 _a12
101 _aKIM
245 _aMicroscale Organic Laboratory
_cMayo
942 _2udc
_cBK
999 _c40129
_d40129